[Event "Titled Tuesday intern op 24th Oct Late"]
[Site "Chess.com INT"]
[Date "2023.10.24"]
[Round "4"]
[White "Urbina Perez, Juan Antonio"]
[Black "Damjanovic, Vuk"]
[Result "1-0"]
[WhiteElo "2266"]
[BlackElo "2346"]
[PlyCount "79"]
[EventDate "2023.10.24"]
[EventType "swiss (blitz)"]
[EventRounds "11"]
[EventCountry "USA"]
[SourceTitle "Mega2024 Update 01"]
[Source "Chessbase"]
[SourceDate "2023.11.12"]
[SourceVersion "1"]
[SourceVersionDate "2023.11.12"]
[SourceQuality "1"]

1. d4 d5 2. c4 dxc4 3. Nf3 a6 4. e3 Bg4 5. Bxc4 e6 6. 0-0 Nc6 7. b3 Nf6 8. Bb2 Bd6 9. h3 Bh5 10. Be2 Qe7 11. Nfd2 Bg6 12. Nc4 0-0 13. Bd3 Bh5 14. Be2 Bg6 15. Bd3 Rad8 16. Bxg6 hxg6 17. Nxd6 cxd6 18. Nd2 Nd5 19. Qe2 f5 20. Nc4 b5 21. Nd2 g5 22. Rac1 Rc8 23. e4 Nf4 24. Qe3 fxe4 25. Nxe4 Nb4 26. a3 Nbd5 27. Qd2 Rfd8 28. Rxc8 Rxc8 29. Rc1 Rd8 30. a4 b4 31. Re1 Qf7 32. Nxg5 Qg6 33. h4 Rc8 34. Bc1 Rc2 35. Qd1 Nc3 36. Qf3 Nfd5 37. Rxe6 Rxc1+ 38. Kh2 Qf6 39. Re8+ Qf8 40. Rxf8# 1-0

[Event "Belgrade Serbia op"]
[Site "Belgrade"]
[Date "2023.07.17"]
[Round "2"]
[White "Zlatkov, Anton"]
[Black "Damjanovic, Vuk"]
[Result "1/2-1/2"]
[WhiteElo "2232"]
[BlackElo "2376"]
[PlyCount "57"]
[EventDate "2023.07.16"]
[EventType "swiss"]
[EventRounds "9"]
[EventCountry "SRB"]
[SourceTitle "CBM 215 Extra"]
[Source "ChessBase"]
[SourceDate "2023.09.30"]
[SourceVersion "1"]
[SourceVersionDate "2023.09.30"]
[SourceQuality "1"]

1. e4 d6 2. d4 Nf6 3. Nc3 Nbd7 4. Nf3 e5 5. g3 Be7 6. Bg2 0-0 7. 0-0 c6 8. a4 Re8 9. h3 b6 10. Be3 a6 11. Nd2 Bb7 12. f4 b5 13. g4 exd4 14. Bxd4 Nc5 15. Bxc5 dxc5 16. g5 Nh5 17. Qxh5 Qxd2 18. e5 c4 19. Ne4 Qxc2 20. f5 Qxb2 21. f6 g6 22. Qg4 Qd4+ 23. Kh1 Bf8 24. Nd6 Qxg4 25. hxg4 Bxd6 26. exd6 Kf8 27. Rfd1 Re5 28. axb5 Rxb5 29. Ra4 1/2-1/2

[Event "Paracin op 16th"]
[Site "Paracin"]
[Date "2023.07.13"]
[Round "7"]
[White "Damjanovic, Vuk"]
[Black "Pranesh, M."]
[Result "1/2-1/2"]
[WhiteElo "2376"]
[BlackElo "2507"]
[PlyCount "43"]
[EventDate "2023.07.07"]
[EventType "swiss"]
[EventRounds "9"]
[EventCountry "SRB"]
[SourceTitle "EXT 2024"]
[Source "ChessBase"]
[SourceDate "2023.10.10"]
[SourceVersion "1"]
[SourceVersionDate "2023.10.10"]
[SourceQuality "1"]

1. d4 d5 2. Nf3 Nf6 3. c4 c6 4. e3 e6 5. Nbd2 c5 6. cxd5 Nxd5 7. Nb3 cxd4 8. Nbxd4 Be7 9. Be2 0-0 10. 0-0 Bd7 11. Bd2 Nc6 12. Nxc6 Bxc6 13. Nd4 Bd7 14. Bf3 Qb6 15. Qb3 Qxb3 16. axb3 Bf6 17. Bxd5 exd5 18. Bc3 Bxd4 19. Bxd4 a6 20. Rfc1 Bc6 21. f3 f6 22. Kf2 1/2-1/2

[Event "EU-ch 23rd"]
[Site "Vrnjacka Banja"]
[Date "2023.03.05"]
[Round "3"]
[White "Damjanovic, Vuk"]
[Black "Stanojevic, Ilija"]
[Result "1-0"]
[WhiteElo "2361"]
[BlackElo "2096"]
[PlyCount "71"]
[EventDate "2023.03.03"]
[EventType "swiss"]
[EventRounds "11"]
[EventCountry "SRB"]
[SourceTitle "CBM 213"]
[Source "ChessBase"]
[SourceDate "2023.04.30"]
[SourceVersion "1"]
[SourceVersionDate "2023.04.30"]
[SourceQuality "1"]

1. c4 e5 2. b3 Nc6 3. Bb2 Bc5 4. e3 Nf6 5. Qc2 0-0 6. a3 a5 7. Nc3 Re8 8. Bd3 h6 9. Nge2 Bf8 10. 0-0 d5 11. cxd5 Nxd5 12. f4 Nb6 13. f5 f6 14. Be4 Bd7 15. Kh1 Re7 16. d4 a4 17. Rad1 exd4 18. Nd5 Nxd5 19. Bxd5+ Kh7 20. exd4 axb3 21. Bxb3 Qe8 22. Be6 Bxe6 23. fxe6+ Qg6 24. Qxg6+ Kxg6 25. Nf4+ Kh7 26. Nd5 Ra5 27. Nxe7 Nxe7 28. Bc3 Rxa3 29. Bb4 Ra4 30. Rb1 b6 31. Rfc1 Ra7 32. Ra1 Rb7 33. Ra8 c5 34. dxc5 Nc6 35. Rxf8 Nxb4 36. c6 1-0

[Event "Belgrade Gligoric 100 Ann op"]
[Site "Belgrade"]
[Date "2023.02.05"]
[Round "4"]
[White "Indjic, Aleksandar"]
[Black "Damjanovic, Vuk"]
[Result "0-1"]
[WhiteElo "2641"]
[BlackElo "2361"]
[PlyCount "52"]
[EventDate "2023.02.05"]
[EventType "swiss (blitz)"]
[EventRounds "11"]
[EventCountry "SRB"]
[SourceTitle "EXT 2024"]
[Source "ChessBase"]
[SourceDate "2023.10.10"]
[SourceVersion "1"]
[SourceVersionDate "2023.10.10"]
[SourceQuality "1"]

1. c4 e5 2. Nf3 Nc6 3. d4 Bb4+ 4. Bd2 Bxd2+ 5. Qxd2 d6 6. Nc3 Nf6 7. g3 Bg4 8. d5 Nb8 9. Nh4 a5 10. h3 Bd7 11. e4 Na6 12. Bg2 h6 13. Nf5 Bxf5 14. exf5 Nc5 15. g4 Nfd7 16. h4 Nb6 17. b3 Qe7 18. 0-0-0 a4 19. b4 Na6 20. Ne4 Nxc4 21. Qc3 Nb6 22. g5 hxg5 23. hxg5 Rxh1 24. Bxh1 0-0-0 25. Bg2 f6 26. Bf1 Kb8 0-1

[Event "Wch Blitz"]
[Site "Almaty"]
[Date "2022.12.30"]
[Round "17"]
[White "Sapenov, Daniyal"]
[Black "Damjanovic, Vuk"]
[Result "0-1"]
[WhiteElo "2060"]
[BlackElo "2439"]
[PlyCount "140"]
[EventDate "2022.12.29"]
[EventType "swiss (blitz)"]
[EventRounds "21"]
[EventCountry "KAZ"]
[SourceTitle "CBM 212"]
[Source "ChessBase"]
[SourceDate "2023.02.28"]
[SourceVersion "1"]
[SourceVersionDate "2023.02.28"]
[SourceQuality "1"]

1. d4 Nf6 2. Nf3 c5 3. d5 b5 4. a4 b4 5. c4 g6 6. b3 Bg7 7. Bb2 d6 8. Nbd2 0-0 9. e4 e5 10. Be2 Nh5 11. g3 Bh3 12. Qc2 f5 13. exf5 Bxf5 14. Ne4 Nf6 15. Bd3 Bxe4 16. Bxe4 Nxe4 17. Qxe4 Qf6 18. Ke2 Qxf3+ 19. Qxf3 Rxf3 20. Kxf3 e4+ 21. Kxe4 Bxb2 22. Rae1 Bc3 23. Re2 Nd7 24. f4 Re8+ 25. Kf3 Nf6 26. Rxe8+ Nxe8 27. h3 Kf7 28. Rh2 Ng7 29. g4 Bf6 30. Re2 Be7 31. Re4 Ne8 32. Re6 Nc7 33. Re2 h6 34. Ke4 Ne8 35. Kf3 Ng7 36. Re1 Bf6 37. Re2 g5 38. Re4 Be7 39. Re2 gxf4 40. Kxf4 Ne8 41. Re6 Bf6 42. h4 Bg7 43. g5 hxg5+ 44. hxg5 Bc3 45. g6+ Kf8 46. Kg5 Bd2+ 47. Kg4 Bc3 48. Kf3 Bd4 49. Ke4 Bb2 50. Kf4 Bg7 51. Kg5 Bc3 52. Kh6 Bg7+ 53. Kg5 Bc3 54. Re2 Bd4 55. Re6 Bc3 56. Kg4 Be5 57. Rxe5 dxe5 58. Kf5 Nd6+ 59. Kxe5 Nxc4+ 60. Ke6 Nb6 61. a5 Nc8 62. d6 Nxd6 63. Kxd6 c4 64. bxc4 b3 65. c5 b2 66. c6 b1Q 67. c7 Qb7 68. Kd7 Qd5+ 69. Kc8 Qa8+ 70. Kd7 Qe8+ 0-1

[Event "Wch Blitz"]
[Site "Almaty"]
[Date "2022.12.29"]
[Round "4"]
[White "Matlakov, Maxim"]
[Black "Damjanovic, Vuk"]
[Result "1-0"]
[WhiteElo "2674"]
[BlackElo "2439"]
[PlyCount "99"]
[EventDate "2022.12.29"]
[EventType "swiss (blitz)"]
[EventRounds "21"]
[EventCountry "KAZ"]
[SourceTitle "CBM 212"]
[Source "ChessBase"]
[SourceDate "2023.02.28"]
[SourceVersion "1"]
[SourceVersionDate "2023.02.28"]
[SourceQuality "1"]

1. d4 d5 2. c4 e6 3. Nf3 Nf6 4. g3 h6 5. Bg2 Bd6 6. 0-0 0-0 7. Qc2 b6 8. cxd5 exd5 9. Nc3 Bb7 10. b3 a6 11. Bb2 Nbd7 12. e3 Qe7 13. Nh4 Rfe8 14. Nf5 Qf8 15. Ne2 Rac8 16. Rac1 Bb4 17. Rcd1 Ne4 18. Qc1 g6 19. a3 Bd2 20. Rxd2 Nxd2 21. Nxh6+ Qxh6 22. Qxd2 Nf6 23. Nf4 Qf8 24. f3 Qd6 25. Re1 Rcd8 26. b4 Qd7 27. Qf2 Re7 28. g4 Ree8 29. h4 Bc6 30. Qg3 Qd6 31. Kf2 Re7 32. g5 Nh7 33. Rh1 Rde8 34. Bc1 Bd7 35. h5 Bf5 36. hxg6 fxg6 37. Rh6 Rg7 38. Qh4 c6 39. Nh5 Qe7 40. Nf6+ Nxf6 41. gxf6 g5 42. Qh2 Qc7 43. fxg7 Qxh2 44. Rxh2 Kxg7 45. Bd2 Bd3 46. Rh1 Bf5 47. Rc1 Re6 48. e4 dxe4 49. fxe4 Bxe4 50. Bxe4 1-0

[Event "Wch Rapid"]
[Site "Almaty"]
[Date "2022.12.28"]
[Round "13"]
[White "Damjanovic, Vuk"]
[Black "Narayanan, Srinath"]
[Result "0-1"]
[WhiteElo "2266"]
[BlackElo "2518"]
[PlyCount "74"]
[EventDate "2022.12.26"]
[EventType "swiss (rapid)"]
[EventRounds "13"]
[EventCountry "KAZ"]
[SourceTitle "CBM 212"]
[Source "ChessBase"]
[SourceDate "2023.02.28"]
[SourceVersion "1"]
[SourceVersionDate "2023.02.28"]
[SourceQuality "1"]

1. d4 Nf6 2. Nf3 d5 3. c4 e6 4. Nc3 h6 5. e3 Bd6 6. Bd3 dxc4 7. Bxc4 Nc6 8. Nb5 0-0 9. 0-0 a6 10. Nxd6 cxd6 11. b3 b5 12. Be2 Bb7 13. Bb2 Nb4 14. a3 Nbd5 15. Rc1 Ne4 16. Nd2 Nxd2 17. Qxd2 f5 18. Bf3 Qd7 19. Rc2 Rac8 20. Rxc8 Rxc8 21. Rc1 Rxc1+ 22. Qxc1 Nf6 23. Bxb7 Qxb7 24. f3 Kh7 25. Qc2 a5 26. Bc1 Qd7 27. Bd2 a4 28. Kf2 Kg8 29. bxa4 bxa4 30. Qc4 Nd5 31. Bb4 Qd8 32. g3 Qb8 33. e4 fxe4 34. fxe4 Nxb4 35. Qxe6+ Kh8 36. axb4 a3 37. Qb3 Qa7 0-1

[Event "Wch Rapid"]
[Site "Almaty"]
[Date "2022.12.27"]
[Round "8"]
[White "Batsuren, Dambasuren"]
[Black "Damjanovic, Vuk"]
[Result "1-0"]
[WhiteElo "2430"]
[BlackElo "2266"]
[PlyCount "79"]
[EventDate "2022.12.26"]
[EventType "swiss (rapid)"]
[EventRounds "13"]
[EventCountry "KAZ"]
[SourceTitle "CBM 212"]
[Source "ChessBase"]
[SourceDate "2023.02.28"]
[SourceVersion "1"]
[SourceVersionDate "2023.02.28"]
[SourceQuality "1"]

1. d4 d5 2. c4 e6 3. Nf3 Nf6 4. g3 h6 5. Bg2 Bd6 6. 0-0 0-0 7. Nc3 Nc6 8. b3 dxc4 9. bxc4 e5 10. d5 Nb8 11. c5 Bxc5 12. Nxe5 Nbd7 13. Nc4 Nb6 14. Qd3 Re8 15. Be3 Qe7 16. Bxc5 Qxc5 17. Nd2 Qe7 18. a4 a6 19. Rab1 Nbd7 20. Qd4 Qc5 21. Qxc5 Nxc5 22. e4 Bd7 23. a5 Rab8 24. Rfe1 b5 25. axb6 cxb6 26. Nc4 b5 27. Nd6 Re7 28. f4 Ne8 29. Nxe8 Rexe8 30. d6 b4 31. Nd5 b3 32. Rec1 Na4 33. Rc7 Be6 34. Ne7+ Rxe7 35. dxe7 b2 36. e5 Bf5 37. Rxb2 Nxb2 38. Bc6 Be6 39. Rb7 Rc8 40. Rxb2 1-0

[Event "Wch Rapid"]
[Site "Almaty"]
[Date "2022.12.26"]
[Round "5"]
[White "Damjanovic, Vuk"]
[Black "Dragnev, Valentin"]
[Result "0-1"]
[WhiteElo "2266"]
[BlackElo "2444"]
[PlyCount "124"]
[EventDate "2022.12.26"]
[EventType "swiss (rapid)"]
[EventRounds "13"]
[EventCountry "KAZ"]
[SourceTitle "CBM 212"]
[Source "ChessBase"]
[SourceDate "2023.02.28"]
[SourceVersion "1"]
[SourceVersionDate "2023.02.28"]
[SourceQuality "1"]

1. d4 Nf6 2. Nf3 e6 3. c4 b6 4. a3 Bb7 5. Nc3 Ne4 6. Nxe4 Bxe4 7. e3 Be7 8. Bd3 Bxd3 9. Qxd3 d6 10. Qe4 Nd7 11. Qc6 0-0 12. 0-0 a5 13. b3 Ra7 14. Bb2 Qa8 15. Qxa8 Rfxa8 16. a4 f5 17. Ne1 Kf7 18. Nd3 g5 19. f3 Rg8 20. Rae1 Raa8 21. h3 Bf6 22. e4 Rae8 23. exf5 exf5 24. Kf2 Nb8 25. d5 Bxb2 26. Nxb2 Nd7 27. Nd3 Nc5 28. Nc1 Kf6 29. g3 h5 30. Rxe8 Rxe8 31. Rd1 f4 32. gxf4 gxf4 33. Re1 Re5 34. Re2 Kf5 35. Re1 Kf6 36. Re2 Kg5 37. Rxe5+ dxe5 38. Kg2 Kf5 39. Kf2 e4 40. Ke2 e3 41. h4 Ke5 42. Kd1 Kf5 43. Kc2 Nd7 44. Nd3 Ne5 45. Ne1 Ng6 46. Ng2 Ke5 47. Kd3 Ne7 48. Kc3 Nf5 49. Kd3 Nd4 50. b4 axb4 51. c5 bxc5 52. a5 b3 53. Kc3 Kxd5 54. Nxf4+ Kc6 55. a6 e2 56. Nd3 Nxf3 57. Kxb3 e1Q 58. Nxe1 Nxe1 59. Kc4 Nf3 60. a7 Ne5+ 61. Kc3 Kb7 62. a8Q+ Kxa8 0-1